000
00296nam a22001337a 4500
008
171011b xxu||||| |||| 00| 0 eng d
020
_a
9780716782575
041
_a
eng
080
_2
4TH
_a
316
100
_a
50
101
_a
SOC
245
_a
THE WILDING OF AMERICA
_c
DERBER,CH
942
_2
udc
_c
BK
999
_c
33198
_d
33198